Business Talk Authentic listening for business/professional English

Enregistré dans:
Détails bibliographiques
Auteur principal: Hughes, Gareth
Autres auteurs: Pilbeam, Adrian, West, Christine
Format: Livre
Langue:anglais
Publié: Harlow Longman 1991
Édition:1. ed.
Sujets:
Tags: Ajouter un tag
Pas de tags, Soyez le premier à ajouter un tag!

MARC

LEADER 00000nam a2200000 4500
001 c000493
005 20221214102018.3
020 |a 0-582-74834-8 
041 0 |a eng 
044 |a GB 
245 1 0 |a Business Talk  |b Authentic listening for business/professional English  |c Gareth Hughes, Adrian Pilbeam, Christine West 
250 |a 1. ed. 
264 1 |a Harlow  |b Longman  |c 1991 
300 |a 129 s. 
610 2 0 |a podnikanie 
610 2 0 |a obchod 
610 2 0 |a jazykoveda 
610 2 0 |a terminológia 
610 2 0 |a angličtina 
100 1 |a Hughes, Gareth 
700 1 |a Pilbeam, Adrian 
700 1 |a West, Christine